000 00296nam a2200121Ia 4500
008 191201s2016 xx 000 0 und d
100 _aKARL, Holger
245 0 _aProtocols and Architectures
260 _aN. Delhi
_bWiley India
_c2016
300 _a497
650 _aM.Tech (ECE)
942 _2ddc
_cBK
999 _c6693
_d6693